=LDR 00000nam 2200000 4500 =001 INLIS000000000033754 =005 20240131102546 =035 ##$$a 0010-061300000033754 =008 240131################g##########0#ind## =041 ##$$a ind =082 ##$$a 346.02 =090 ##$$a 346.02, Sal p =100 ##$$a Salim Hs, H =245 1#$$a Perancangan kontrak dan memorandum of understanding (Mou) /$c H. Salim Hs, H. Abdullah, Wiwiek Wahyuningsih =260 ##$$a Jakarta :$b [Sn],$c 2008 =300 ##$$a ix,229 hlm ; $c 23 cm =650 #4$$a Kontrak =700 #$$a Abdullah, H =850 ##$$a NBPNMAT =020 ##$$a 978-979-007-024-0 =084 ##$$a 346.02 SAL p =250 ##$$a Cet.4 =990 ##$$a 0001/BPAP-NTB/20142014 =990 ##$$a 0001/BPAP-NTB/20142014 =990 ##$$a 21004520 =990 ##$$a 0001/BPAP-NTB/20142014 =990 ##$$a 21004522 =990 ##$$a 21004520